00379nam a2200133Ia 450000500170000000800410001702000150005808200130007310000190008624500380010526000520014330000130019550000370020820250606004904.0240331s9999 xx 000 0 und d a9559569546 bDESa305 aDe Silve,M.U  0aSri Lankawekula wadawasam kramaya aKudawathabAbhaya Printers and Publishersc1998 a141 p ., aCaste Feudal System in Sri Lanka